| 000 | 00996nam a2200289 i 4500 | ||
|---|---|---|---|
| 001 | bg | ||
| 100 | 1 | _aPALUCH, Julian | |
| 245 | 1 | 0 |
_aOchrona wód i gleb / _cJulian Paluch, Krzysztof Pulikowski, Mieczysław Trybała. |
| 260 |
_aWrocław : _bWydaw. AR, _c2001. |
||
| 300 |
_a196 s. : _brys. ; _c24 cm. |
||
| 490 | 1 |
_aSkrypty Akademii Rolniczej we Wrocławiu, _x0239-5762 ; _vnr 460 |
|
| 504 | _aBibliogr. | ||
| 650 | 9 |
_aWoda _xochrona |
|
| 650 | 9 |
_aGleba _xochrona |
|
| 655 | _aPodręczniki akademickie | ||
| 700 | 1 | _aPULIKOWSKI, Krzysztof | |
| 700 | 1 | _aTRYBAŁA, Mieczysław | |
| 830 |
_aSkrypty Akademii Rolniczej we Wrocławiu, _x0239-5762 ; |
||
| 020 | _a8387866970 | ||
| 040 | _cBPK | ||
| 041 | 0 | _apol | |
| 080 | _a556:631.4:504.4/.5.054](075.8) | ||
| 920 | _a83-87866-97-0 | ||
| 942 | _cKS | ||
| 008 | s pl f |000 0 pol | ||
| 999 |
_c46512 _d46512 |
||
| 856 |
_uhttp://koha.tu.koszalin.pl/cgi-bin/koha/opac-detail.pl?biblionumber=46512 _yKatalog online BPK |
||